Normal view
MARC view
- INFORMATION THEORY.DATA COMPRESSION(COMPUTER SCIENCE)
Entry Topical Term
001 - CONTROL NUMBER
- control field: 60253
003 - CONTROL NUMBER IDENTIFIER
- control field: NUST
005 - DATE AND TIME OF LATEST TRANSACTION
- control field: 20210628202519.0
008 - FIXED-LENGTH DATA ELEMENTS
- fixed length control field: 210628|| aca||aabn | a|a d
040 ## - CATALOGING SOURCE
- Original cataloging agency: NUST
- Transcribing agency: NUST
150 ## - HEADING--TOPICAL TERM
- Topical term or geographic name entry element: INFORMATION THEORY.DATA COMPRESSION(COMPUTER SCIENCE)
670 ## - SOURCE DATA FOUND
- Source citation: Work cat.: (NUST): Hankerson , Darrel ,Harris , Greg. A ,Johnson , Peter. D 60252, Introduction to information theory and data compression, 2003
